000 01009nam a2200301 a 4500
001 000014766
003 DO-SdBNP
005 20250411094217.0
008 100120s2006 dr a g n 001 0 spa d
020 _a9993475106
040 _aDO-SdBNP
_bspa
_cBNPHU
082 _a158
_bM778m
100 1 _aMontero Lebrón, Miguel,
_d1943-
_933480
245 1 0 _aUn mundo en constante involución /
_cMiguel Montero Lebrón ; edición Miguel Collado.
260 _aSanto Domingo :
_bCEDIBIL,
_c2006.
300 _a120 p. :
_bil., retrs. ;
_c22 cm.
490 1 _aCalímaco
_v19
490 1 _aCrecer
_v1
500 _aIncluye datos biográficos del autor en las solapas
590 _aInventariado, 2018/LP
650 4 _aPsicología aplicada
_xEnsayos, conferencias, etc.
_933481
650 0 _aEnsayos dominicanos
_965
700 1 _aCollado, Miguel A.,
_d1954-
_eed.
_924696
830 0 _aCalímaco ;
_v19
_914052
830 0 _aCrecer ;
_v1
_933482
910 _aValidado. Control de la calidad EMS.
942 _2ddc
_cLBS1
999 _c14349
_d14349